000 00617nam a2200205 a 4500
001 10735
003 CO-ViMGA
008 141112s2004 ck r 000 u spa d
020 _a9589047246
040 _aCO-ViMGA
_bspa
_cCO-ViMGA
082 0 4 _a986.551 P12f
100 1 _aPacheco ; Margarita,
_914666
245 1 0 _aLa Fiesta Liberal en Cali
260 _aCali :
_bEdiciones Universal del Valle,
_c1992
300 _a263p.
490 _aColeccion pensamiento
650 1 4 _aCALI - COLOMBIA - HISTORIA - 1845 - 1854
_914667
650 1 4 _aCALI - COLOMBIA - PolĂ­tica Y GOBIERNO - 1845 - 1854
_914668
942 _2ddc
_cBK
999 _c21993
_d21993